| 000 | 00740nam a2200253Ia 4500 | ||
|---|---|---|---|
| 003 | OSt | ||
| 005 | 20220927110710.0 | ||
| 006 | a|||||r|||| 00| 0 | ||
| 007 | ta | ||
| 008 | 220926b |||||||| |||| 00| 0 eng d | ||
| 024 | _a82709 | ||
| 037 | _cReports | ||
| 040 |
_aRTL _cRTL _beng |
||
| 041 |
_2eng _aeng |
||
| 082 | _a"X9(D):93.2.N95, N7" | ||
| 110 |
_aIndia Occupational wage survey 5th round _9379821 |
||
| 245 | 0 | _aReport on ten engineering industries | |
| 260 |
_aChandigarh _bGovt Press India _c1997 |
||
| 300 |
_a310p. _ccm. |
||
| 650 | _aEngineering | ||
| 700 |
_aIndia Occupational wage survey 5th round _9379822 |
||
| 942 |
_h"X9(D):93.2.N95, N7" _cCC |
||
| 999 |
_c697653 _d697653 |
||